000 00870nam a2200277 4500
001 0000022896
003 CO-CtgCURN
005 20250329191022.0
007 ta
008 160627s1992 000 0 eng d
020 _a9038405812
040 _aCO-CtgCURN
_bspa
_ccoctgcurn
082 0 _a920.72
_bF828
100 1 _aFrank, Ana.
245 1 0 _aDiario /
_cAna Frank.
260 _aMadrid :
_bRLVinfo Kampem Holanda,
_c1992.
300 _a64 p.
336 _2rdacontent
337 _2rdamedia
_asin mediacion
_bn
338 _2rdacarrier
_avolumen
_bnc
505 8 _aEl mejor regalo de cumpleaƱos.--De Frankfort a Amsterdam.--Querida kitty.--El diario queda atras
600 1 0 _aFrank, Ana
_vCorrespondencia, memorias, etc.
908 _a160627
942 _cBK
_h920.72
_iF828
_2ddc
999 _c11341
_d11341